Kuttyedathi_Malayalam (Record no. 38155)

MARC details
000 -LEADER
fixed length control field 00707nam a22001697a 4500
082 ## - DEWEY DECIMAL CLASSIFICATION NUMBER
Classification number 920 VAS
100 ## - MAIN ENTRY--AUTHOR NAME
Personal name Vasudevan Nair M T
245 ## - TITLE STATEMENT
Title Kuttyedathi_Malayalam
250 ## - EDITION STATEMENT
Edition statement 1
260 ## - PUBLICATION, DISTRIBUTION, ETC. (IMPRINT)
Name of publisher Current Books
Place of publication Thrissur
Year of publication 2025
300 ## - PHYSICAL DESCRIPTION
Number of Pages Number of pages : 70
520 ## - SUMMARY, ETC.
Summary, etc Kuttyedathi by M.T. Vasudevan Nair is a poignant collection of Malayalam short stories focusing on the mundane lives, sufferings, and social injustices faced by ordinary people in northern Kerala, often highlighting themes of domestic martyrdom, memory, and psychological pain. The title story is a tragic character study.
546 ## - LANGUAGE NOTE
Language note Language : Malayalam
650 ## - SUBJECT ADDED ENTRY--TOPICAL TERM
Topical Term GEN
942 ## - ADDED ENTRY ELEMENTS (KOHA)
Koha item type Text Book
952 ## - LOCATION AND ITEM INFORMATION (KOHA)
Damaged status
Not for loan
Holdings
Withdrawn status Collection code Permanent Location Current Location Date acquired Source of acquisition Cost, normal purchase price Inventory number Full call number Accession Number Price effective from Koha item type
  GENERAL VAST Central Library VAST Central Library 28/11/2025 Minerva Books 120.00 90 920 VAS 38303 22/12/2025 Text Book